| 000 | 00323nam a22001337a 4500 | ||
|---|---|---|---|
| 082 | _a621.381 THE | ||
| 100 |
_aTheraja, B.L. _97131 |
||
| 245 | _aBasic electronics: solid state | ||
| 250 | _a5th | ||
| 260 |
_aIndia _bS.Chand _c2018 |
||
| 300 | _axix,715 P | ||
| 650 |
_aBasic Electronics-Solid State _969619 |
||
| 942 | _cBK | ||
| 999 |
_c576829 _d576829 |
||